000
00280nam a2200121Ia 4500
008
241002s9999 xx 000 0 und d
082
_a
361.3208 GAN
100
_a
Gandhi, M.K
245
4
_a
The Art of Living
260
_a
Bombay:
_c
1961
600
_a
Social Sciences
942
_c
UC
999
_c
18696
_d
18696